000 00959pam a2200325 a 4500
999 _c913
_d913
001 015978175
003 Uk
005 20191226103923.0
008 111118s2012 enk j 000 1 eng d
015 _aGBB1D6364
_2bnb
016 7 _a015978175
_2Uk
020 _a9780192792792 (pbk.) :
020 _a0192792792 (pbk.) :
040 _aStDuBDS
_beng
_cStDuBDS
_dUk
042 _aukblcatcopy
082 _aFIC JEN
100 1 _aJensen, Marie-Louise.
_eauthor
245 1 4 _aThe girl in the mask /
_cMarie-Louise Jensen.
260 _aOxford :
_bOxford University Press,
_c2012.
300 _a311 p. ;
_c20 cm.
336 _atext
_2rdacontent
337 _aunmediated
_2rdamedia
338 _avolume
_2rdacarrier
500 _aFormerly CIP.
_5Uk
650 0 _aTeenage girls
_vFiction.
650 0 _aBrigands and robbers
_vFiction.
651 0 _aEngland
_xSocial life and customs
_y18th century
_vFiction.
655 0 _aYoung adult fiction.
942 _2ddc
_cFIC